| 000 | 00481nam a22001217a 4500 | ||
|---|---|---|---|
| 082 |
_aNR:063RT2018 IRC _bIRC |
||
| 245 | _aInternational Rubber Conference IRC 2018: Natural rubber industry-An Asset for socio-economic development and preservation of the environment, 22-24 October 2018, Hotel Ivoire, IRRDB Malaysia Material type: Text | ||
| 260 |
_aMalaysia _bIRRDB _c2018 |
||
| 300 | _a108p. | ||
| 500 | _aAbstracts only | ||
| 505 | _aonly relevant pages are included | ||
| 942 | _cBK | ||
| 999 |
_c75541 _d75541 |
||